<?xml version="1.0" encoding="UTF-8"?><?xml-stylesheet type="text/xsl" href="static/style.xsl"?><OAI-PMH xmlns="http://www.openarchives.org/OAI/2.0/" xmlns:xsi="http://www.w3.org/2001/XMLSchema-instance" xsi:schemaLocation="http://www.openarchives.org/OAI/2.0/ http://www.openarchives.org/OAI/2.0/OAI-PMH.xsd"><responseDate>2026-04-17T18:50:03Z</responseDate><request verb="GetRecord" identifier="oai:www.recercat.cat:2072/489361" metadataPrefix="marc">https://recercat.cat/oai/request</request><GetRecord><record><header><identifier>oai:recercat.cat:2072/489361</identifier><datestamp>2026-03-18T13:53:08Z</datestamp><setSpec>com_2072_353036</setSpec><setSpec>com_2072_351515</setSpec><setSpec>com_2072_1741</setSpec><setSpec>col_2072_360783</setSpec></header><metadata><record xmlns="http://www.loc.gov/MARC21/slim" xmlns:dcterms="http://purl.org/dc/terms/" xmlns:xsi="http://www.w3.org/2001/XMLSchema-instance" xmlns:doc="http://www.lyncode.com/xoai" xsi:schemaLocation="http://www.loc.gov/MARC21/slim http://www.loc.gov/standards/marcxml/schema/MARC21slim.xsd">
   <leader>00925njm 22002777a 4500</leader>
   <datafield ind2=" " ind1=" " tag="042">
      <subfield code="a">dc</subfield>
   </datafield>
   <datafield ind2=" " ind1=" " tag="720">
      <subfield code="a">García, Nieves</subfield>
      <subfield code="e">author</subfield>
   </datafield>
   <datafield ind2=" " ind1=" " tag="720">
      <subfield code="a">Viñolas, Amador</subfield>
      <subfield code="e">author</subfield>
   </datafield>
   <datafield ind2=" " ind1=" " tag="720">
      <subfield code="a">Galante, Eduardo</subfield>
      <subfield code="e">author</subfield>
   </datafield>
   <datafield ind2=" " ind1=" " tag="260">
      <subfield code="c">2018</subfield>
   </datafield>
   <datafield ind2=" " ind1=" " tag="520">
      <subfield code="a">The Mediterranean Red List assessment is a review of the conservation status at regional level of approximately 6,000 species of animals and plants. This report summarizes the results for a key group of Mediterranean biodiversity: saproxylic beetles. Despite their key role in the ecosystem´s health and food chain, saproxylic beetles are still largely misunderstood and the current information gaps on these species´ population status, trends, and distribution are a reflection on how little we still know about them. The geographical scope followed for this assessment is the Mediterranean region according to the Mediterranean Basin Biodiversity Hotspot, with the exception of the Macaronesian islands, which have not been included in this study. All the obligate saproxylic beetles endemic or almost endemic to the Mediterranean region – 320 species and 1 subspecies – are included.</subfield>
   </datafield>
   <datafield ind1="8" ind2=" " tag="024">
      <subfield code="a">https://hdl.handle.net/2072/489361</subfield>
   </datafield>
   <datafield ind1="8" ind2=" " tag="024">
      <subfield code="a">https://doi.org/10.2305/IUCN.CH.2018.RA.3.en</subfield>
   </datafield>
   <datafield ind2="0" ind1="0" tag="245">
      <subfield code="a">The conservation status and distribution of Mediterranean saproxylic beetles</subfield>
   </datafield>
</record></metadata></record></GetRecord></OAI-PMH>